The noble scholar, jurist, historian


 His Excellency Dr. Abdul Wahhab bin Ibrahim Abu Sulaiman, may Allah have mercy on him.


 He was born in Umm Al-Qura in the year 1356 AH.

رسائل لم يحملها البريد / (Record no. 9666)

MARC details
000 -LEADER
fixed length control field 01026cam a22002411i 4500
003 - CONTROL NUMBER IDENTIFIER
control field SA-RiAUC
005 - DATE AND TIME OF LATEST TRANSACTION
control field 20250709123741.0
008 - FIXED-LENGTH DATA ELEMENTS--GENERAL INFORMATION
fixed length control field 250623q19901999su g 000 i ara c
040 ## - CATALOGING SOURCE
Original cataloging agency SA-JeALM
Language of cataloging ara
Transcribing agency SA-RiAUC
Description conventions rda
082 04 - DEWEY DECIMAL CLASSIFICATION NUMBER
Classification number 816.9531
Assigning agency SA-RiAUC
090 ## - LOCALLY ASSIGNED LC-TYPE CALL NUMBER (OCLC); LOCAL CALL NUMBER (RLIN)
Classification number (OCLC) (R) ; Classification number, CALL (RLIN) (NR) 816.9531
Local cutter number (OCLC) ; Book number/undivided call number, CALL (RLIN) ل ب د
100 1# - MAIN ENTRY--PERSONAL NAME
Personal name اللبدي، عبد الرؤوف سعيد عبد الغني
Relator term مؤلف.
245 10 - TITLE STATEMENT
Title رسائل لم يحملها البريد /
Statement of responsibility, etc. كتبها عبد الرؤوف سعيد عبد الغني اللبدي.
250 ## - EDITION STATEMENT
Edition statement الطبعة الثانية.
264 #1 - PRODUCTION, PUBLICATION, DISTRIBUTION, MANUFACTURE, AND COPYRIGHT NOTICE
Place of production, publication, distribution, manufacture مكة المكرمة ؛
-- المدينة المنورة :
Name of producer, publisher, distributor, manufacturer مؤسسة مكة للطباعة والإعلام،
Date of production, publication, distribution, manufacture, or copyright notice [بين 1990 و1999]
300 ## - PHYSICAL DESCRIPTION
Extent 133 صفحة
336 ## - CONTENT TYPE
Content type term نص
Content type code txt
Source rdacontent
Materials specified كتاب
337 ## - MEDIA TYPE
Media type term بدون وسيط
Media type code n
Source rdamedia
338 ## - CARRIER TYPE
Carrier type term مجلد
Carrier type code nc
Source rdacarrier
650 #7 - SUBJECT ADDED ENTRY--TOPICAL TERM
Topical term or geographic name entry element الرسائل العربية
Geographic subdivision السعودية
Chronological subdivision قرن 14 هجري
Source of heading or term aucsh
942 ## - ADDED ENTRY ELEMENTS (KOHA)
Source of classification or shelving scheme Dewey Decimal Classification
Koha item type Books
Suppress in OPAC No
949 ## - LOCAL PROCESSING INFORMATION (OCLC)
a SA-JeALM
d 250623
u mohamedma123
n 1
Holdings
Withdrawn status Lost status Source of classification or shelving scheme Damaged status Not for loan Home library Current library Date acquired Total checkouts Full call number Barcode Date last seen Price effective from Koha item type
    Dewey Decimal Classification     DR AbdElwahab Library DR AbdElwahab Library 07/09/2025   816.9531 ل ب د 000015715 07/09/2025 07/09/2025 Books